00844nam a2200193 a 450000100100000000500170001000800410002702000180006804000250008608200160011110000340012724500750016126001080023630000280034449000260037250400680039850001580046683000260062400003560320200930074451.0111105s2010 bl a 000 0 spa d a9788576172017 aDO-SdBNPbspacBNPHU axxxxbC355m1 aCastro, Maurício Barros de,10aMestre Joao Grande :bna roda do mundo /cMaurício Barros de Castro. aRio de Janeiro, Brasil :bMinistério da Cultura, Fundação Biblioteca Nacional :bGaramond,c2010. a151 p. :bil. ;c21 cm.1 aPersonalidades negras aIncluye referencias bibliográficas y notas a pie de página. aOriginalmente presentado como trabajo de tesis para optar por el grado de Doctor en Letras, Filosofía y Ciencias Humanas da Universidad de São Paulo. 0aPersonalidades negras